2023 NFL Pro Bowl Players - AFC - Statistics

General Stats
  • This quiz has been taken 508 times
  • The average score is 33 of 44
Answer Stats
Team Position Player % Correct
Bills QB Josh Allen
100%
Bengals QB Joe Burrow
99%
Chiefs QB Patrick Mahomes
99%
Titans RB Derrick Henry
98%
Browns RB Nick Chubb
98%
Bills WR Stefon Diggs
98%
Chiefs TE Travis Kelce
98%
Dolphins WR Tyreek Hill
98%
Bengals WR JaMarr Chase
97%
Raiders RB Josh Jacobs
97%
Raiders WR DaVante Adams
96%
Ravens TE Mark Andrews
95%
Browns DE Myles Garrett
90%
Ravens K Justin Tucker
89%
Chiefs DT Chris Jones
88%
Jets CB Sauce Gardner
88%
Raiders DE Maxx Crosby
86%
Steelers OLB T.J. Watt
84%
Chiefs C Creed Humphrey
82%
Ravens CB Marlon Humphrey
81%
Steelers FS Minkah Fitzpatrick
81%
Broncos CB Pat Surtain II
81%
Chargers SS Derwin James
80%
Jets DT Quinnen Williams
76%
Chargers OLB Khalil Mack
74%
Dolphins CB Xavien Howard
74%
Ravens MLB Roquan Smith
73%
Patriots OLB Matthew Judon
72%
Colts OG Quenton Nelson
71%
Bills SS Jordan Poyer
70%
Bengals DE Trey Hendrickson
70%
Texans OT Laremy Tunsil
69%
Ravens FB Patrick Ricard
68%
Titans DT Jeffery Simmons
57%
Chiefs OT Orlando Brown
55%
Dolphins OT Terron Armstead
55%
Jets MLB C.J. Mosley
52%
Browns OG Joel Bitonio
51%
Chiefs OG Joe Thuney
45%
Chiefs P Tommy Townsend
42%
Bills C Mitch Morse
35%
Ravens - Devin Duvernay
26%
Titans LS Morgan Cox
12%
Jets - Justin Hardee
5%
No matching quizzes found
Score Distribution
Percent of People with Each Score
Percentile by Number Answered
Your Score History
You have not taken this quiz